[Event "ODJM B 2024"]
[Site "Willingen GER"]
[Date "2024.05.23"]
[Round "7"]
[White "Will, Elina"]
[Black "Fischer, Quirin"]
[Result "1/2-1/2"]
[Termination "normal"]
[Board "52"]
[WhiteElo "1640"]
[BlackElo "1636"]
[WhiteClock "01:00:44"]
[BlackClock "01:10:22"]
[PlyCount "120"]
[WhiteFideId "34623434"]
[BlackFideId "34623787"]
[EventCountry "GER"]
[EventRounds "9"]
[EventType "swiss"]
[EventDate "2024.05.18"]

1. e4 {[%clk 01:30:58]} c5 {[%clk 01:30:08]} {[%emt 00:00:53]} 2. Nf3 {[%clk
01:31:23]} {[%emt 00:00:05]} Nc6 {[%clk 01:30:20]} {[%emt 00:00:19]} 3. d4
{[%clk 01:31:48]} {[%emt 00:00:05]} cxd4 {[%clk 01:30:26]} {[%emt 00:00:24]} 4.
Nxd4 {[%clk 01:32:07]} {[%emt 00:00:10]} g6 {[%clk 01:30:29]} {[%emt 00:00:28]}
5. Bc4 {[%emt 00:00:24]} Bg7 {[%clk 01:30:37]} {[%emt 00:00:19]} 6. Be3 {[%clk
01:32:34]} {[%emt 00:00:10]} Nf6 {[%clk 01:31:00]} {[%emt 00:00:08]} 7. f3
{[%clk 01:31:44]} {[%emt 00:01:21]} O-O {[%clk 01:31:07]} {[%emt 00:00:22]} 8.
Nc3 {[%clk 01:31:50]} {[%emt 00:00:24]} a6 {[%clk 01:29:43]} {[%emt 00:01:54]}
9. O-O {[%clk 01:31:43]} {[%emt 00:00:36]} b5 {[%clk 01:26:30]} {[%emt
00:03:44]} 10. Bb3 {[%clk 01:31:14]} {[%emt 00:01:00]} Rb8 {[%clk 01:25:54]}
{[%emt 00:01:06]} 11. Qd2 {[%clk 01:26:24]} {[%emt 00:05:19]} Bb7 {[%clk
01:21:32]} {[%emt 00:04:52]} 12. Rad1 {[%clk 01:25:25]} {[%emt 00:01:29]} d6
{[%clk 01:18:03]} {[%emt 00:03:59]} 13. Nd5 {[%clk 01:15:01]} {[%emt 00:10:54]}
Nxd4 {[%clk 01:17:05]} {[%emt 00:01:29]} 14. Nxf6+ {[%clk 01:15:10]} {[%emt
00:00:20]} Bxf6 {[%clk 01:17:15]} {[%emt 00:00:20]} 15. Bxd4 {[%clk 01:15:30]}
{[%emt 00:00:10]} Bxd4+ {[%clk 01:17:06]} {[%emt 00:00:39]} 16. Qxd4 {[%clk
01:15:54]} {[%emt 00:00:05]} Qc7 {[%clk 01:14:59]} {[%emt 00:02:39]} 17. Rd3
{[%clk 01:15:05]} {[%emt 00:01:19]} Qc5 {[%clk 01:14:17]} {[%emt 00:01:11]} 18.
Qxc5 {[%clk 01:11:55]} {[%emt 00:03:39]} dxc5 {[%clk 01:13:33]} {[%emt
00:01:14]} 19. Bd5 {[%clk 01:12:17]} {[%emt 00:00:09]} c4 {[%clk 01:13:38]}
{[%emt 00:00:26]} 20. Rd2 {[%clk 01:12:09]} {[%emt 00:00:37]} Rfd8 {[%clk
01:12:01]} {[%emt 00:02:07]} 21. Rfd1 {[%clk 01:12:31]} {[%emt 00:00:08]} Rd6
{[%clk 01:12:06]} {[%emt 00:00:26]} 22. e5 {[%clk 01:04:16]} {[%emt 00:08:44]}
Rxd5 {[%clk 01:11:24]} {[%emt 00:01:12]} 23. Rxd5 {[%clk 01:04:40]} {[%emt
00:00:05]} Bxd5 {[%clk 01:11:38]} {[%emt 00:00:17]} 24. Rxd5 {[%clk 01:05:06]}
{[%emt 00:00:04]} Kf8 {[%clk 01:11:55]} {[%emt 00:00:13]} 25. Kf2 {[%clk
01:04:54]} {[%emt 00:00:42]} b4 {[%clk 01:07:54]} {[%emt 00:04:31]} 26. Ra5
{[%clk 01:01:55]} {[%emt 00:03:29]} b3 {[%clk 01:06:54]} {[%emt 00:01:31]} 27.
cxb3 {[%clk 01:01:40]} {[%emt 00:00:44]} cxb3 {[%clk 01:07:15]} {[%emt
00:00:09]} 28. Rxa6 {[%clk 01:01:37]} {[%emt 00:00:33]} bxa2 {[%clk 01:07:40]}
{[%emt 00:00:05]} 29. Rxa2 {[%clk 01:01:15]} {[%emt 00:00:52]} Ke8 {[%clk
01:07:45]} {[%emt 00:00:26]} 30. Ke3 {[%clk 01:01:32]} {[%emt 00:00:13]} Kd7
{[%clk 01:08:04]} {[%emt 00:00:10]} 31. Kd4 {[%clk 01:01:22]} {[%emt 00:00:40]}
Ke6 {[%clk 01:08:08]} {[%emt 00:00:27]} 32. Ra6+ {[%clk 01:01:19]} {[%emt
00:00:32]} Kf5 {[%clk 01:08:27]} {[%emt 00:00:11]} 33. Kc3 {[%clk 00:59:29]}
{[%emt 00:02:20]} Kxe5 {[%clk 01:08:44]} {[%emt 00:00:13]} 34. Ra5+ {[%clk
00:59:46]} {[%emt 00:00:13]} Kd6 {[%clk 01:08:58]} {[%emt 00:00:16]} 35. b4
{[%clk 01:00:10]} {[%emt 00:00:06]} Rc8+ {[%clk 01:09:09]} {[%emt 00:00:19]}
36. Kd3 {[%clk 00:59:53]} {[%emt 00:00:46]} f5 {[%clk 01:07:32]} {[%emt
00:02:08]} 37. Kd4 {[%clk 00:58:43]} {[%emt 00:01:40]} Rc2 {[%clk 01:07:21]}
{[%emt 00:00:41]} 38. Ra6+ {[%clk 00:57:00]} {[%emt 00:02:13]} Kd7 {[%clk
01:07:40]} {[%emt 00:00:10]} 39. Ra7+ {[%clk 00:56:34]} {[%emt 00:00:57]} Kc6
{[%clk 01:05:35]} {[%emt 00:02:35]} 40. Rxe7 {[%clk 00:56:28]} {[%emt
00:00:36]} Rxg2 {[%clk 01:05:53]} {[%emt 00:00:12]} 41. Rxh7 {[%clk 00:56:54]}
{[%emt 00:00:04]} Rb2 {[%clk 01:06:12]} {[%emt 00:00:12]} 42. Kc4 {[%clk
00:56:48]} {[%emt 00:00:35]} Rf2 {[%clk 01:06:01]} {[%emt 00:00:42]} 43. Rh6
{[%clk 00:56:49]} {[%emt 00:00:28]} Rxf3 {[%clk 01:06:13]} {[%emt 00:00:18]}
44. Rxg6+ {[%clk 00:57:13]} {[%emt 00:00:06]} Kb7 {[%clk 01:06:31]} {[%emt
00:00:12]} 45. Kb5 {[%clk 00:57:23]} {[%emt 00:00:19]} Rh3 {[%clk 01:06:25]}
{[%emt 00:00:36]} 46. Rf6 {[%clk 00:57:39]} {[%emt 00:00:15]} Rh5 {[%clk
01:06:33]} {[%emt 00:00:21]} 47. Rf7+ {[%clk 00:57:37]} {[%emt 00:00:32]} Kb8
{[%clk 01:06:54]} {[%emt 00:00:09]} 48. Kb6 {[%clk 00:57:48]} {[%emt 00:00:19]}
Rh6+ {[%clk 01:07:16]} {[%emt 00:00:08]} 49. Kc5 {[%clk 00:58:13]} {[%emt
00:00:06]} Rh5 {[%clk 01:06:59]} {[%emt 00:00:47]} 50. b5 {[%clk 00:58:14]}
{[%emt 00:00:29]} f4+ {[%clk 01:07:12]} {[%emt 00:00:16]} 51. Kb6 {[%clk
00:58:35]} {[%emt 00:00:09]} Rh6+ {[%clk 01:07:39]} {[%emt 00:00:03]} 52. Ka5
{[%clk 00:59:01]} {[%emt 00:00:05]} Rxh2 {[%clk 01:07:44]} {[%emt 00:00:25]}
53. Rxf4 {[%clk 00:59:26]} {[%emt 00:00:05]} Rh6 {[%clk 01:08:01]} {[%emt
00:00:13]} 54. b6 {[%clk 00:59:36]} {[%emt 00:00:20]} Rh1 {[%clk 01:08:17]}
{[%emt 00:00:14]} 55. Ka6 {[%clk 00:59:45]} {[%emt 00:00:21]} Ra1+ {[%clk
01:08:41]} {[%emt 00:00:06]} 56. Kb5 {[%clk 01:00:02]} {[%emt 00:00:13]} Rb1+
{[%clk 01:09:08]} {[%emt 00:00:04]} 57. Rb4 {[%clk 01:00:24]} {[%emt 00:00:07]}
Rxb4+ {[%clk 01:09:17]} {[%emt 00:00:21]} 58. Kxb4 {[%clk 01:00:43]} {[%emt
00:00:11]} Kb7 {[%clk 01:09:41]} {[%emt 00:00:06]} 59. Kb5 {[%clk 01:01:09]}
{[%emt 00:00:04]} Kb8 {[%clk 01:09:59]} {[%emt 00:00:12]} 60. Kc5 {[%clk
01:00:44]} {[%emt 00:00:55]} Kb7 {[%clk 01:10:22]} {[%emt 00:00:07]} 1/2-1/2

[Event "ODJM B 2024"]
[Site "Willingen GER"]
[Date "2024.05.23"]
[Round "7"]
[White "Jähnert, Jamie Mares"]
[Black "Gendzelevsky, Stefan"]
[Result "0-1"]
[Termination "normal"]
[Board "53"]
[WhiteElo "1503"]
[BlackElo "1628"]
[WhiteClock "00:55:58"]
[BlackClock "01:12:14"]
[PlyCount "74"]
[WhiteFideId "34609156"]
[BlackFideId "34637672"]
[EventCountry "GER"]
[EventRounds "9"]
[EventType "swiss"]
[EventDate "2024.05.18"]

1. e4 {[%clk 01:30:59]} e6 {[%clk 01:30:56]} {[%emt 00:00:04]} 2. d4 {[%clk
01:31:25]} {[%emt 00:00:04]} d5 {[%clk 01:31:22]} {[%emt 00:00:04]} 3. exd5
{[%clk 01:31:46]} {[%emt 00:00:09]} exd5 {[%clk 01:31:45]} {[%emt 00:00:07]} 4.
Nf3 {[%clk 01:32:09]} {[%emt 00:00:08]} Bd6 {[%clk 01:32:10]} {[%emt 00:00:04]}
5. c4 {[%clk 01:32:31]} {[%emt 00:00:09]} c6 {[%clk 01:32:11]} {[%emt
00:00:29]} 6. Nc3 {[%clk 01:32:54]} {[%emt 00:00:07]} Ne7 {[%clk 01:32:34]}
{[%emt 00:00:07]} 7. c5 {[%clk 01:33:07]} {[%emt 00:00:17]} Bc7 {[%clk
01:32:55]} {[%emt 00:00:09]} 8. Bd3 {[%clk 01:33:19]} {[%emt 00:00:17]} Bf5
{[%clk 01:33:13]} {[%emt 00:00:11]} 9. O-O {[%clk 01:33:19]} {[%emt 00:00:32]}
Qd7 {[%clk 01:33:33]} {[%emt 00:00:10]} 10. Re1 {[%clk 01:32:41]} {[%emt
00:01:07]} Na6 {[%clk 01:33:05]} {[%emt 00:00:59]} 11. Ne5 {[%clk 01:24:48]}
{[%emt 00:08:23]} Bxe5 {[%clk 01:31:46]} {[%emt 00:01:48]} 12. Rxe5 {[%clk
01:25:02]} {[%emt 00:00:17]} Bxd3 {[%clk 01:30:31]} {[%emt 00:01:45]} 13. Qxd3
{[%clk 01:25:24]} {[%emt 00:00:08]} f6 {[%clk 01:30:31]} {[%emt 00:00:29]} 14.
Re2 {[%clk 01:24:55]} {[%emt 00:00:59]} O-O-O {[%clk 01:30:36]} {[%emt
00:00:25]} 15. Bf4 {[%clk 01:24:19]} {[%emt 00:01:06]} Qf5 {[%clk 01:29:29]}
{[%emt 00:01:36]} 16. Qe3 {[%clk 01:21:11]} {[%emt 00:03:39]} Rhe8 {[%clk
01:29:02]} {[%emt 00:00:57]} 17. Rae1 {[%clk 01:19:42]} {[%emt 00:01:59]} Ng6
{[%clk 01:23:00]} {[%emt 00:06:32]} 18. Qxe8 {[%clk 01:18:04]} {[%emt
00:02:08]} Rxe8 {[%clk 01:23:20]} {[%emt 00:00:11]} 19. Rxe8+ {[%clk 01:18:13]}
{[%emt 00:00:21]} Kd7 {[%clk 01:23:37]} {[%emt 00:00:12]} 20. Bg3 {[%clk
01:17:00]} {[%emt 00:01:44]} Nc7 {[%clk 01:22:55]} {[%emt 00:01:10]} 21. R8e2
{[%clk 01:15:52]} {[%emt 00:01:39]} Qd3 {[%clk 01:19:57]} {[%emt 00:03:27]} 22.
Rd1 {[%clk 01:13:01]} {[%emt 00:03:22]} Qf5 {[%clk 01:19:22]} {[%emt 00:01:05]}
23. Rde1 {[%clk 01:07:40]} {[%emt 00:05:51]} Qg4 {[%clk 01:15:20]} {[%emt
00:04:32]} 24. Rd2 {[%clk 01:06:00]} {[%emt 00:02:10]} Ne6 {[%clk 01:14:45]}
{[%emt 00:01:05]} 25. f3 {[%clk 01:04:10]} {[%emt 00:02:21]} Qf5 {[%clk
01:13:54]} {[%emt 00:01:19]} 26. Ne2 {[%clk 01:00:38]} {[%emt 00:04:04]} h5
{[%clk 01:13:02]} {[%emt 00:01:21]} 27. Bf2 {[%clk 00:59:59]} {[%emt 00:01:09]}
Qg5 {[%clk 01:11:23]} {[%emt 00:02:10]} 28. Red1 {[%clk 00:58:59]} {[%emt
00:01:30]} h4 {[%clk 01:10:59]} {[%emt 00:00:54]} 29. Rd3 {[%clk 00:57:13]}
{[%emt 00:02:16]} Ngf4 {[%clk 01:10:32]} {[%emt 00:00:56]} 30. Nxf4 {[%clk
00:56:45]} {[%emt 00:00:58]} Nxf4 {[%clk 01:10:44]} {[%emt 00:00:17]} 31. g3
{[%clk 00:55:36]} {[%emt 00:01:40]} Nxd3 {[%clk 01:11:07]} {[%emt 00:00:07]}
32. Rxd3 {[%clk 00:55:50]} {[%emt 00:00:17]} h3 {[%clk 01:11:13]} {[%emt
00:00:23]} 33. Be3 {[%clk 00:55:50]} {[%emt 00:00:31]} Qf5 {[%clk 01:11:31]}
{[%emt 00:00:11]} 34. Rd2 {[%clk 00:55:14]} {[%emt 00:01:06]} Qxf3 {[%clk
01:11:40]} {[%emt 00:00:21]} 35. Bf4 {[%clk 00:55:29]} {[%emt 00:00:15]} g5
{[%clk 01:11:50]} {[%emt 00:00:20]} 36. Bd6 {[%clk 00:55:40]} {[%emt 00:00:19]}
Qe3+ {[%clk 01:12:13]} {[%emt 00:00:07]} 37. Rf2 {[%clk 00:55:58]} {[%emt
00:00:12]} Qxd4 {[%clk 01:12:14]} {[%emt 00:00:29]} 0-1

[Event "ODJM B 2024"]
[Site "Willingen GER"]
[Date "2024.05.23"]
[Round "7"]
[White "Barthelmes, Venice"]
[Black "Hildebrand, Azat"]
[Result "1/2-1/2"]
[Termination "normal"]
[Board "54"]
[WhiteElo "1655"]
[BlackElo "1681"]
[WhiteClock "00:01:26"]
[BlackClock "00:01:32"]
[PlyCount "75"]
[WhiteFideId "16261003"]
[BlackFideId "34607536"]
[EventCountry "GER"]
[EventRounds "9"]
[EventType "swiss"]
[EventDate "2024.05.18"]

1. e4 {[%clk 01:30:56]} {[%emt 00:00:03]} c6 {[%clk 01:30:39]} {[%emt
00:00:22]} 2. Nf3 {[%clk 01:31:12]} {[%emt 00:00:13]} d5 {[%clk 01:30:47]}
{[%emt 00:00:22]} 3. exd5 {[%clk 01:31:32]} {[%emt 00:00:10]} cxd5 {[%clk
01:31:05]} {[%emt 00:00:12]} 4. Ne5 {[%clk 01:31:52]} {[%emt 00:00:10]} Nf6
{[%clk 01:21:35]} {[%emt 00:10:00]} 5. d4 {[%clk 01:28:28]} {[%emt 00:03:54]}
a6 {[%clk 01:20:30]} {[%emt 00:01:35]} 6. Bd3 {[%clk 01:25:02]} {[%emt
00:03:56]} Nbd7 {[%clk 01:14:21]} {[%emt 00:06:39]} 7. O-O {[%clk 01:22:15]}
{[%emt 00:03:16]} e6 {[%clk 01:11:08]} {[%emt 00:03:44]} 8. c3 {[%clk
01:20:58]} {[%emt 00:01:46]} b5 {[%clk 01:09:00]} {[%emt 00:02:39]} 9. a3
{[%clk 01:20:50]} {[%emt 00:00:38]} Qb6 {[%clk 01:07:39]} {[%emt 00:01:52]} 10.
Qe2 {[%clk 01:18:59]} {[%emt 00:02:19]} Be7 {[%clk 01:05:12]} {[%emt 00:02:59]}
11. f4 {[%clk 01:15:12]} {[%emt 00:04:13]} Rb8 {[%clk 00:58:39]} {[%emt
00:07:05]} 12. Nd2 {[%clk 01:09:16]} {[%emt 00:06:27]} Bd6 {[%clk 00:30:01]}
{[%emt 00:29:09]} 13. Ndf3 {[%clk 00:52:40]} {[%emt 00:17:06]} h6 {[%clk
00:26:49]} {[%emt 00:03:42]} 14. Kh1 {[%clk 00:47:43]} {[%emt 00:05:26]} Bb7
{[%clk 00:24:34]} {[%emt 00:02:46]} 15. Rg1 {[%clk 00:43:53]} {[%emt 00:04:19]}
Ke7 {[%clk 00:18:35]} {[%emt 00:06:29]} 16. f5 {[%clk 00:40:30]} {[%emt
00:03:54]} Bxe5 {[%clk 00:14:49]} {[%emt 00:04:16]} 17. Nxe5 {[%clk 00:38:37]}
{[%emt 00:02:23]} Nxe5 {[%clk 00:13:46]} {[%emt 00:01:33]} 18. Qxe5 {[%clk
00:38:19]} {[%emt 00:00:48]} Ng4 {[%clk 00:12:06]} {[%emt 00:02:10]} 19. Qe2
{[%clk 00:36:07]} {[%emt 00:02:41]} Nf6 {[%clk 00:08:14]} {[%emt 00:04:23]} 20.
Bf4 {[%clk 00:33:47]} {[%emt 00:02:50]} Rbc8 {[%clk 00:07:28]} {[%emt
00:01:15]} 21. Rae1 {[%clk 00:30:34]} {[%emt 00:03:42]} Ne4 {[%clk 00:06:33]}
{[%emt 00:01:26]} 22. Rgf1 {[%clk 00:27:49]} {[%emt 00:03:15]} Rhe8 {[%clk
00:05:37]} {[%emt 00:01:25]} 23. Qg4 {[%clk 00:24:53]} {[%emt 00:03:26]} Kf8
{[%clk 00:04:58]} {[%emt 00:01:11]} 24. Be5 {[%clk 00:22:25]} {[%emt 00:02:57]}
f6 {[%clk 00:02:11]} {[%emt 00:03:18]} 25. fxe6 {[%clk 00:18:15]} {[%emt
00:04:39]} Qxe6 {[%clk 00:02:19]} {[%emt 00:00:23]} 26. Qxe6 {[%clk 00:13:00]}
{[%emt 00:05:44]} Rxe6 {[%clk 00:02:38]} {[%emt 00:00:10]} 27. Bxe4 {[%clk
00:09:49]} {[%emt 00:03:42]} dxe4 {[%clk 00:02:49]} {[%emt 00:00:18]} 28. Bf4
{[%clk 00:09:12]} {[%emt 00:01:08]} g5 {[%clk 00:02:08]} {[%emt 00:01:11]} 29.
Be3 {[%clk 00:09:11]} {[%emt 00:00:31]} Kg7 {[%clk 00:02:16]} {[%emt 00:00:22]}
30. Rd1 {[%clk 00:08:21]} {[%emt 00:01:20]} Bd5 {[%clk 00:02:17]} {[%emt
00:00:29]} 31. Rf5 {[%clk 00:07:29]} {[%emt 00:01:21]} Rd8 {[%clk 00:01:50]}
{[%emt 00:00:58]} 32. g4 {[%clk 00:06:23]} {[%emt 00:01:36]} Kg6 {[%clk
00:01:17]} {[%emt 00:01:03]} 33. Rdf1 {[%clk 00:06:11]} {[%emt 00:00:42]} Kg7
{[%clk 00:01:16]} {[%emt 00:00:31]} 34. Kg1 {[%clk 00:06:25]} {[%emt 00:00:16]}
Kg6 {[%clk 00:01:29]} {[%emt 00:00:17]} 35. Kf2 {[%clk 00:04:20]} {[%emt
00:02:35]} Kg7 {[%clk 00:01:40]} {[%emt 00:00:19]} 36. Ke1 {[%clk 00:04:42]}
{[%emt 00:00:08]} a5 {[%clk 00:01:22]} {[%emt 00:00:49]} 37. b4 {[%clk
00:01:32]} {[%emt 00:03:39]} a4 {[%clk 00:01:32]} {[%emt 00:00:19]} 38. Kd2
{[%clk 00:01:26]} {[%emt 00:00:36]} 1/2-1/2

[Event "ODJM B 2024"]
[Site "Willingen GER"]
[Date "2024.05.23"]
[Round "7"]
[White "Tarasenko, Ruslan"]
[Black "Mlynarski, Milosz"]
[Result "0-1"]
[Termination "normal"]
[Board "55"]
[WhiteElo "1525"]
[BlackElo "1663"]
[WhiteClock "01:03:45"]
[BlackClock "00:22:37"]
[PlyCount "116"]
[WhiteFideId "34166343"]
[BlackFideId "34636854"]
[EventCountry "GER"]
[EventRounds "9"]
[EventType "swiss"]
[EventDate "2024.05.18"]

1. e4 {[%clk 01:30:56]} {[%emt 00:00:04]} e5 {[%clk 01:30:54]} {[%emt
00:00:06]} 2. Nf3 {[%clk 01:31:23]} {[%emt 00:00:03]} Nc6 {[%clk 01:31:08]}
{[%emt 00:00:16]} 3. Nc3 {[%clk 01:31:49]} {[%emt 00:00:05]} Nf6 {[%clk
01:31:31]} {[%emt 00:00:06]} 4. d4 {[%clk 01:31:56]} {[%emt 00:00:23]} exd4
{[%clk 01:29:41]} {[%emt 00:02:21]} 5. Nxd4 {[%clk 01:32:12]} {[%emt 00:00:14]}
Bb4 {[%clk 01:30:03]} {[%emt 00:00:07]} 6. Nxc6 {[%clk 01:32:36]} {[%emt
00:00:05]} bxc6 {[%clk 01:29:51]} {[%emt 00:00:42]} 7. Bd3 {[%clk 01:32:20]}
{[%emt 00:00:46]} d5 {[%clk 01:30:12]} {[%emt 00:00:09]} 8. Bd2 {[%clk
01:32:30]} {[%emt 00:00:21]} O-O {[%clk 01:29:35]} {[%emt 00:01:07]} 9. O-O
{[%clk 01:32:28]} {[%emt 00:00:32]} Rb8 {[%clk 01:23:40]} {[%emt 00:06:25]} 10.
a3 {[%clk 01:17:55]} {[%emt 00:15:03]} Bxc3 {[%clk 01:21:55]} {[%emt 00:02:15]}
11. Bxc3 {[%clk 01:18:11]} {[%emt 00:00:12]} Nxe4 {[%clk 01:22:18]} {[%emt
00:00:08]} 12. Bxe4 {[%clk 01:15:59]} {[%emt 00:02:43]} dxe4 {[%clk 01:22:37]}
{[%emt 00:00:10]} 13. Qh5 {[%clk 01:15:42]} {[%emt 00:00:47]} Qd5 {[%clk
01:20:01]} {[%emt 00:03:06]} 14. Qxd5 {[%clk 01:14:58]} {[%emt 00:01:14]} cxd5
{[%clk 01:19:46]} {[%emt 00:00:45]} 15. Be5 {[%clk 01:12:28]} {[%emt 00:03:01]}
Be6 {[%clk 01:13:15]} {[%emt 00:07:01]} 16. b4 {[%clk 01:11:30]} {[%emt
00:01:28]} Rfe8 {[%clk 01:08:28]} {[%emt 00:05:17]} 17. Bxc7 {[%clk 01:11:02]}
{[%emt 00:00:57]} Rbc8 {[%clk 01:08:40]} {[%emt 00:00:18]} 18. Bd6 {[%clk
01:10:34]} {[%emt 00:00:59]} Rxc2 {[%clk 01:09:00]} {[%emt 00:00:09]} 19. Bc5
{[%clk 01:10:55]} {[%emt 00:00:09]} a6 {[%clk 01:08:41]} {[%emt 00:00:50]} 20.
Rfc1 {[%clk 01:10:31]} {[%emt 00:00:54]} Rxc1+ {[%clk 01:07:09]} {[%emt
00:02:02]} 21. Rxc1 {[%clk 01:10:53]} {[%emt 00:00:07]} h6 {[%clk 01:07:37]}
{[%emt 00:00:03]} 22. Bd4 {[%clk 01:11:17]} {[%emt 00:00:05]} Rc8 {[%clk
01:07:26]} {[%emt 00:00:41]} 23. Bc5 {[%clk 01:11:07]} {[%emt 00:00:41]} d4
{[%clk 01:07:14]} {[%emt 00:00:42]} 24. Re1 {[%clk 01:10:42]} {[%emt 00:00:55]}
d3 {[%clk 01:07:07]} {[%emt 00:00:37]} 25. Rd1 {[%clk 01:08:47]} {[%emt
00:02:25]} Bb3 {[%clk 01:00:00]} {[%emt 00:07:36]} 26. Rd2 {[%clk 01:08:24]}
{[%emt 00:00:53]} a5 {[%clk 01:00:16]} {[%emt 00:00:15]} 27. f3 {[%clk
01:08:34]} {[%emt 00:00:19]} f5 {[%clk 01:00:00]} {[%emt 00:00:46]} 28. g4
{[%clk 01:08:42]} {[%emt 00:00:23]} g6 {[%clk 00:58:55]} {[%emt 00:01:35]} 29.
h4 {[%clk 01:07:30]} {[%emt 00:01:41]} h5 {[%clk 00:59:17]} {[%emt 00:00:09]}
30. gxh5 {[%clk 01:07:10]} {[%emt 00:00:50]} gxh5 {[%clk 00:59:38]} {[%emt
00:00:08]} 31. fxe4 {[%clk 01:07:31]} {[%emt 00:00:10]} fxe4 {[%clk 00:59:35]}
{[%emt 00:00:33]} 32. Kf2 {[%clk 01:07:59]} {[%emt 00:00:02]} axb4 {[%clk
00:58:46]} {[%emt 00:01:19]} 33. axb4 {[%clk 01:08:00]} {[%emt 00:00:28]} Ra8
{[%clk 00:54:47]} {[%emt 00:04:29]} 34. Ke3 {[%clk 01:08:01]} {[%emt 00:00:29]}
Ra2 {[%clk 00:54:22]} {[%emt 00:00:55]} 35. b5 {[%clk 01:07:44]} {[%emt
00:00:48]} Rxd2 {[%clk 00:53:39]} {[%emt 00:01:13]} 36. Kxd2 {[%clk 01:08:00]}
{[%emt 00:00:14]} Ba4 {[%clk 00:53:58]} {[%emt 00:00:11]} 37. b6 {[%clk
01:08:09]} {[%emt 00:00:20]} Bc6 {[%clk 00:54:16]} {[%emt 00:00:12]} 38. Be3
{[%clk 01:08:28]} {[%emt 00:00:11]} Kf8 {[%clk 00:52:57]} {[%emt 00:01:49]} 39.
Kc3 {[%clk 01:07:30]} {[%emt 00:01:28]} Ke7 {[%clk 00:46:23]} {[%emt 00:07:04]}
40. Kc4 {[%clk 01:06:05]} {[%emt 00:01:56]} Kd6 {[%clk 00:45:50]} {[%emt
00:01:03]} 41. Kc3 {[%clk 01:05:03]} {[%emt 00:01:32]} Bb7 {[%clk 00:43:25]}
{[%emt 00:02:55]} 42. Kd4 {[%clk 01:04:49]} {[%emt 00:00:44]} Ke6 {[%clk
00:37:56]} {[%emt 00:05:58]} 43. Kc3 {[%clk 01:04:56]} {[%emt 00:00:24]} Kd5
{[%clk 00:34:40]} {[%emt 00:03:46]} 44. Bf4 {[%clk 01:03:14]} {[%emt 00:02:12]}
Ke6 {[%clk 00:27:02]} {[%emt 00:08:08]} 45. Kd2 {[%clk 01:01:27]} {[%emt
00:02:17]} Kf5 {[%clk 00:26:04]} {[%emt 00:01:27]} 46. Ke3 {[%clk 01:01:21]}
{[%emt 00:00:37]} d2 {[%clk 00:26:04]} {[%emt 00:00:30]} 47. Kxd2 {[%clk
01:00:31]} {[%emt 00:01:20]} Kxf4 {[%clk 00:26:27]} {[%emt 00:00:07]} 48. Ke2
{[%clk 01:00:47]} {[%emt 00:00:14]} e3 {[%clk 00:25:41]} {[%emt 00:01:16]} 49.
Ke1 {[%clk 01:01:08]} {[%emt 00:00:08]} Kg4 {[%clk 00:25:44]} {[%emt 00:00:27]}
50. Ke2 {[%clk 01:01:25]} {[%emt 00:00:14]} Kxh4 {[%clk 00:25:51]} {[%emt
00:00:23]} 51. Kxe3 {[%clk 01:01:47]} {[%emt 00:00:08]} Kg3 {[%clk 00:26:12]}
{[%emt 00:00:08]} 52. Ke2 {[%clk 01:01:54]} {[%emt 00:00:23]} h4 {[%clk
00:26:24]} {[%emt 00:00:19]} 53. Kf1 {[%clk 01:02:14]} {[%emt 00:00:09]} h3
{[%clk 00:26:45]} {[%emt 00:00:09]} 54. Ke2 {[%clk 01:02:37]} {[%emt 00:00:07]}
h2 {[%clk 00:26:53]} {[%emt 00:00:23]} 55. Ke3 {[%clk 01:03:01]} {[%emt
00:00:06]} h1=Q {[%clk 00:27:11]} {[%emt 00:00:11]} 56. Kd4 {[%clk 01:03:28]}
{[%emt 00:00:03]} Qd5+ {[%clk 00:22:45]} {[%emt 00:04:56]} 57. Ke3 {[%clk
01:03:34]} {[%emt 00:00:24]} Ba6 {[%clk 00:22:57]} {[%emt 00:00:19]} 58. b7
{[%clk 01:03:45]} {[%emt 00:00:19]} Qd3# {[%clk 00:22:37]} {[%emt 00:00:10]}
0-1